000 00451nam a22001817a 4500
005 20180806115730.0
008 160514b xxu||||| |||| 00| 0 eng d
020 _a981-243-511-5
041 _aeng
082 _b2223
_a658.3
100 _aMathis, Robert L. and Jackson, John, H.
_91887
245 _aHuman Resource Management
250 _a10TH ED.
260 _bThomson
_c2003
_adelhi
300 _a621p,
650 _aManagement
_9241
942 _cBK
999 _c820
_d820